000 00295nam a22001217a 4500
005 20230721161136.0
008 230721b ||||| |||| 00| 0 eng d
040 _cAL
041 _aeng
245 _aStudy on psychosocial problems of tuberculosis patients
260 _c2003
942 _2ddc
_cBK
999 _c228056
_d228056